000
00333nam a2200157Ia 4500
100
_a
Arnold / K/ Gosling/ J
250
_a
2
942
_c
BK
654
_a
Computer
245
_a
Java programming Language
260
_b
Addison Wesly
_c
2000
082
_a
005.133'J'
_b
ARN/
300
_a
595
546
_a
ENGLISH
999
_c
21998
_d
21998